[Event "World Chess Olympiad 2018"]
[Site "Batumi"]
[Date "2018.09.25"]
[Round "2"]
[Board "2"]
[WhiteFideId "8400555"]
[White "Miller Marlon"]
[BlackFideId "10100091"]
[Black "Soares Erikson Roberto Mauricio"]
[Result "1/2-1/2"]
[LiveChessVersion "1.4.8"]
[BlackElo "2283"]
[WhiteElo "2028"]

1. d4 d5 {[%clk 1:30:25]} 2. Nf3 {[%clk 1:31:16]} Nf6 {[%clk 1:30:43]} 3. e3
{[%clk 1:30:22]} Nbd7 {[%clk 1:30:09]} 4. Bd3 {[%clk 1:30:43]} c5
{[%clk 1:29:52]} 5. b3 {[%clk 1:31:03]} g6 {[%clk 1:30:13]} 6. Nbd2
{[%clk 1:30:35]} Bg7 {[%clk 1:30:14]} 7. Bb2 {[%clk 1:30:34]} O-O
{[%clk 1:29:55]} 8. O-O {[%clk 1:30:50]} b6 {[%clk 1:28:44]} 9. Qe2
{[%clk 1:27:38]} Bb7 {[%clk 1:28:35]} 10. c4 {[%clk 1:22:47]} e6 {[%clk 1:22:54]}
11. Rac1 {[%clk 1:17:11]} Ne4 {[%clk 1:19:12]} 12. Rfd1 {[%clk 1:14:42]} f5
{[%clk 1:17:41]} 13. Ne5 {[%clk 1:08:57]} cxd4 {[%clk 0:56:33]} 14. exd4
{[%clk 1:08:20]} Bh6 {[%clk 0:50:33]} 15. Bxe4 {[%clk 0:47:01]} fxe4
{[%clk 0:50:52]} 16. Ng4 {[%clk 0:47:26]} Bf4 {[%clk 0:41:45]} 17. Rc2
{[%clk 0:42:16]} Rc8 {[%clk 0:37:42]} 18. f3 {[%clk 0:36:04]} h5 {[%clk 0:35:53]}
19. Ne5 {[%clk 0:30:59]} Nxe5 {[%clk 0:34:46]} 20. dxe5 {[%clk 0:31:24]} Qg5
{[%clk 0:33:31]} 21. Bd4 {[%clk 0:25:18]} Bxd2 {[%clk 0:25:56]} 22. Qxd2
{[%clk 0:24:32]} Qxd2 {[%clk 0:26:18]} 23. Rdxd2 {[%clk 0:24:39]} dxc4
{[%clk 0:26:24]} 24. fxe4 {[%clk 0:24:17]} cxb3 {[%clk 0:25:18]} 25. Rxc8
{[%clk 0:24:05]} Rxc8 {[%clk 0:25:46]} 26. axb3 {[%clk 0:24:26]} Bxe4
{[%clk 0:25:44]} 27. Kf2 {[%clk 0:21:48]} Bc2 {[%clk 0:20:46]} 28. b4
{[%clk 0:21:59]} Bb3 {[%clk 0:18:02]} 29. Rb2 {[%clk 0:21:18]} Bd5
{[%clk 0:13:28]} 30. Ke3 {[%clk 0:21:39]} Rc1 {[%clk 0:13:43]} 31. g3
{[%clk 0:17:44]} a5 {[%clk 0:09:58]} 32. bxa5 {[%clk 0:11:53]} bxa5
{[%clk 0:10:27]} 33. Rb5 {[%clk 0:11:55]} a4 {[%clk 0:09:37]} 34. Ra5
{[%clk 0:12:20]} Rc4 {[%clk 0:08:09]} 35. Ra7 {[%clk 0:12:13]} Rb4
{[%clk 0:07:45]} 36. Bc5 {[%clk 0:04:16]} Re4+ {[%clk 0:07:22]} 37. Kd2
{[%clk 0:04:21]} Rxe5 {[%clk 0:02:42]} 38. Rxa4 {[%clk 0:04:46]} Bc6
{[%clk 0:03:02]} 39. Ra5 {[%clk 0:04:38]} Bf3 {[%clk 0:02:52]} 40. Kd3
{[%clk 0:34:33]} Re2 {[%clk 0:32:22]} 41. h4 {[%clk 0:34:51]} e5 {[%clk 0:28:25]}
42. Ra7 {[%clk 0:31:03]} e4+ {[%clk 0:16:38]} 43. Kd4 {[%clk 0:30:52]} Rg2
{[%clk 0:15:39]} 44. Bd6 {[%clk 0:26:31]} Rd2+ {[%clk 0:15:34]} 45. Ke5
{[%clk 0:26:56]} e3 {[%clk 0:15:15]} 46. Bb4 {[%clk 0:27:17]} Rb2
{[%clk 0:05:26]} 47. Kf4 {[%clk 0:25:48]} Rxb4+ {[%clk 0:02:24]} 48. Kxf3
{[%clk 0:26:13]} Rb3 {[%clk 0:02:49]} 49. Re7 {[%clk 0:26:36]} e2+
{[%clk 0:03:17]} 50. Kf4 {[%clk 0:27:01]} Rb5 {[%clk 0:02:03]} 51. Rxe2
{[%clk 0:27:19]} Rf5+ {[%clk 0:02:26]} 52. Ke4 {[%clk 0:27:43]} 1/2-1/2

[Event "World Chess Olympiad 2018"]
[Site "Batumi"]
[Date "2018.09.25"]
[Round "2"]
[Board "3"]
[WhiteFideId "10101314"]
[White "Silva David"]
[BlackFideId "2212552"]
[Black "Huguet Sergio"]
[Result "1/2-1/2"]
[LiveChessVersion "1.4.8"]
[BlackElo "2053"]
[WhiteElo "2223"]

1. e4 {[%clk 1:25:36]} c5 {[%clk 1:30:43]} 2. Nf3 {[%clk 1:25:49]} g6
{[%clk 1:30:45]} 3. d3 {[%clk 1:16:16]} Bg7 {[%clk 1:30:37]} 4. g3
{[%clk 1:16:35]} Nc6 {[%clk 1:30:11]} 5. Bg2 {[%clk 1:13:43]} Nf6
{[%clk 1:28:23]} 6. O-O {[%clk 1:14:05]} d6 {[%clk 1:27:14]} 7. h3
{[%clk 1:10:03]} O-O {[%clk 1:24:11]} 8. Re1 {[%clk 1:10:13]} Nd7
{[%clk 1:14:19]} 9. c3 {[%clk 1:10:23]} b5 {[%clk 1:05:58]} 10. a3
{[%clk 1:09:03]} a5 {[%clk 1:02:05]} 11. Be3 {[%clk 1:08:29]} Ba6
{[%clk 1:00:25]} 12. d4 {[%clk 1:06:27]} cxd4 {[%clk 0:55:48]} 13. cxd4
{[%clk 1:05:23]} Rc8 {[%clk 0:49:53]} 14. Bf1 {[%clk 1:00:32]} Nb6
{[%clk 0:44:30]} 15. a4 {[%clk 0:57:21]} Nc4 {[%clk 0:37:46]} 16. axb5
{[%clk 0:56:41]} Bxb5 {[%clk 0:37:44]} 17. Qb3 {[%clk 0:47:54]} Nb4
{[%clk 0:29:29]} 18. Na3 {[%clk 0:45:24]} Nxa3 {[%clk 0:25:05]} 19. bxa3
{[%clk 0:45:03]} Bxf1 {[%clk 0:24:42]} 20. Rxf1 {[%clk 0:42:13]} Nc2
{[%clk 0:24:21]} 21. Rad1 {[%clk 0:42:32]} Nxe3 {[%clk 0:23:56]} 22. Qxe3
{[%clk 0:43:00]} Qd7 {[%clk 0:22:16]} 23. h4 {[%clk 0:43:21]} Rc2
{[%clk 0:21:24]} 24. h5 {[%clk 0:43:02]} Qh3 {[%clk 0:17:26]} 25. Qb3
{[%clk 0:43:01]} Re2 {[%clk 0:14:45]} 26. Qc4 {[%clk 0:40:41]} Rb2
{[%clk 0:13:00]} 27. hxg6 {[%clk 0:40:41]} hxg6 {[%clk 0:13:19]} 28. Rb1
{[%clk 0:40:49]} Rxb1 {[%clk 0:11:51]} 29. Rxb1 {[%clk 0:40:42]} Qg4
{[%clk 0:10:35]} 30. Qd3 {[%clk 0:40:57]} Rc8 {[%clk 0:10:27]} 31. Kg2
{[%clk 0:40:37]} Qe6 {[%clk 0:08:57]} 32. Rb7 {[%clk 0:39:50]} Bf6
{[%clk 0:08:20]} 33. Ra7 {[%clk 0:39:37]} Kg7 {[%clk 0:05:04]} 34. Rxa5
{[%clk 0:38:05]} Rh8 {[%clk 0:03:40]} 35. Ng1 {[%clk 0:38:26]} g5
{[%clk 0:01:31]} 36. Rf5 {[%clk 0:36:49]} Rc8 {[%clk 0:01:01]} 37. g4
{[%clk 0:36:22]} Qc4 {[%clk 0:01:16]} 38. Qd2 {[%clk 0:28:39]} e6
{[%clk 0:01:19]} 39. Rxf6 {[%clk 0:28:30]} Kxf6 {[%clk 0:01:28]} 40. Nf3
{[%clk 0:58:09]} Qc1 {[%clk 0:31:05]} 41. e5+ {[%clk 0:54:21]} dxe5
{[%clk 0:29:37]} 42. dxe5+ {[%clk 0:54:42]} Kg7 {[%clk 0:28:39]} 43. Qxg5+
{[%clk 0:54:53]} Qxg5 {[%clk 0:27:54]} 44. Nxg5 {[%clk 0:55:21]} Ra8
{[%clk 0:26:41]} 45. Ne4 {[%clk 0:55:24]} Rxa3 {[%clk 0:26:19]} 46. f4
{[%clk 0:55:47]} Kg6 {[%clk 0:23:31]} 47. Kf2 {[%clk 0:56:05]} Rb3
{[%clk 0:22:01]} 48. Kg2 {[%clk 0:55:15]} Ra3 {[%clk 0:15:09]} 49. Kf2
{[%clk 0:55:32]} Rb3 {[%clk 0:14:40]} 1/2-1/2

[Event "World Chess Olympiad 2018"]
[Site "Batumi"]
[Date "2018.09.25"]
[Round "2"]
[Board "1"]
[WhiteFideId "11200243"]
[White "Ayyad Husain"]
[BlackFideId "13100050"]
[Black "Rakotomaharo Fy Antenaina"]
[Result "1-0"]
[LiveChessVersion "1.4.8"]
[BlackElo "2422"]
[WhiteElo "2243"]

1. e4 {[%clk 1:29:59]} e5 {[%clk 1:30:49]} 2. Nf3 {[%clk 1:30:21]} Nc6
{[%clk 1:31:14]} 3. d4 {[%clk 1:30:46]} exd4 {[%clk 1:31:37]} 4. Bc4
{[%clk 1:30:57]} Nf6 {[%clk 1:29:00]} 5. e5 {[%clk 1:29:15]} Ne4 {[%clk 1:29:08]}
6. O-O {[%clk 1:22:13]} Be7 {[%clk 1:29:15]} 7. Re1 {[%clk 1:21:21]} d5
{[%clk 1:29:11]} 8. exd6 {[%clk 1:21:45]} Nxd6 {[%clk 1:29:35]} 9. Bd5
{[%clk 1:21:59]} O-O {[%clk 1:22:28]} 10. Bxc6 {[%clk 1:20:25]} bxc6
{[%clk 1:22:52]} 11. Nxd4 {[%clk 1:20:51]} Qd7 {[%clk 1:16:56]} 12. Nc3
{[%clk 1:18:31]} Bf6 {[%clk 1:16:44]} 13. Na4 {[%clk 1:15:01]} Nf5
{[%clk 1:13:21]} 14. Nb3 {[%clk 1:06:30]} Qd6 {[%clk 1:06:07]} 15. Bd2
{[%clk 1:03:50]} Be5 {[%clk 0:58:22]} 16. h3 {[%clk 1:02:45]} Be6
{[%clk 0:45:12]} 17. Qe2 {[%clk 0:41:12]} Bh2+ {[%clk 0:36:56]} 18. Kh1
{[%clk 0:41:16]} Rae8 {[%clk 0:36:49]} 19. c4 {[%clk 0:17:44]} Bd7
{[%clk 0:14:42]} 20. Qf3 {[%clk 0:09:17]} Be5 {[%clk 0:11:05]} 21. Rad1
{[%clk 0:07:07]} Qg6 {[%clk 0:04:31]} 22. Re4 {[%clk 0:04:56]} Nd6
{[%clk 0:03:58]} 23. Rh4 {[%clk 0:03:15]} Bf5 {[%clk 0:02:51]} 24. Nac5
{[%clk 0:01:10]} Bxb2 {[%clk 0:03:03]} 25. Na5 {[%clk 0:01:01]} Ne4
{[%clk 0:03:06]} 26. Nxe4 {[%clk 0:00:51]} Bxe4 {[%clk 0:03:31]} 27. Qg4
{[%clk 0:00:37]} Bf6 {[%clk 0:03:16]} 28. Qxg6 {[%clk 0:00:41]} Bxg6
{[%clk 0:01:00]} 29. Rg4 {[%clk 0:01:11]} Rd8 {[%clk 0:00:51]} 30. Nxc6
{[%clk 0:00:51]} Rd6 {[%clk 0:01:15]} 31. Nb4 {[%clk 0:01:20]} Bh5
{[%clk 0:01:16]} 32. Nd5 {[%clk 0:01:28]} Bxg4 {[%clk 0:00:33]} 33. hxg4
{[%clk 0:01:57]} Rd7 {[%clk 0:00:33]} 34. Bf4 {[%clk 0:01:53]} Rfd8
{[%clk 0:00:50]} 35. Bxc7 {[%clk 0:02:19]} Kf8 {[%clk 0:00:32]} 36. Bxd8
{[%clk 0:02:45]} Rxd8 {[%clk 0:00:58]} 37. g3 {[%clk 0:02:09]} Be7
{[%clk 0:01:17]} 38. Rb1 {[%clk 0:02:14]} Bc5 {[%clk 0:01:26]} 39. Kg2
{[%clk 0:02:32]} g6 {[%clk 0:01:24]} 40. g5 {[%clk 0:32:02]} Bd4 {[%clk 0:31:35]}
41. f4 {[%clk 0:26:31]} Rc8 {[%clk 0:25:04]} 42. Rc1 {[%clk 0:26:09]} Kg7
{[%clk 0:19:34]} 43. Kf3 {[%clk 0:25:55]} h5 {[%clk 0:18:50]} 44. Rc2
{[%clk 0:25:58]} Rc6 {[%clk 0:16:12]} 45. Ke4 {[%clk 0:26:05]} Bc5
{[%clk 0:15:52]} 46. Nf6 {[%clk 0:26:26]} Be7 {[%clk 0:15:16]} 47. Kd4
{[%clk 0:24:49]} Bxf6+ {[%clk 0:06:27]} 48. gxf6+ {[%clk 0:25:17]} Kxf6
{[%clk 0:06:51]} 49. Kd5 {[%clk 0:25:42]} Re6 {[%clk 0:07:15]} 50. c5
{[%clk 0:26:05]} Ke7 {[%clk 0:07:28]} 51. Rb2 {[%clk 0:26:34]} Ra6
{[%clk 0:07:15]} 52. Rb7+ {[%clk 0:26:58]} Kd8 {[%clk 0:07:36]} 53. Rxf7
{[%clk 0:26:56]} Rxa2 {[%clk 0:03:49]} 54. Rg7 {[%clk 0:26:40]} a5
{[%clk 0:03:32]} 55. Rxg6 {[%clk 0:26:30]} a4 {[%clk 0:03:55]} 56. Ra6
{[%clk 0:24:49]} a3 {[%clk 0:03:10]} 57. f5 {[%clk 0:25:05]} Rf2 {[%clk 0:02:13]}
58. Ke6 {[%clk 0:24:54]} a2 {[%clk 0:01:27]} 59. f6 {[%clk 0:24:31]} Re2+
{[%clk 0:00:35]} 60. Kf7 {[%clk 0:24:54]} Rg2 {[%clk 0:00:42]} 61. Kf8
{[%clk 0:24:10]} Kd7 {[%clk 0:00:31]} 62. f7 {[%clk 0:24:01]} Kd8
{[%clk 0:00:50]} 63. c6 {[%clk 0:21:29]} Rxg3 {[%clk 0:00:41]} 64. Rxa2
{[%clk 0:21:47]} h4 {[%clk 0:01:00]} 65. Rd2+ {[%clk 0:21:50]} Kc7
{[%clk 0:00:43]} 66. Re2 {[%clk 0:22:16]} 1-0

[Event "World Chess Olympiad 2018"]
[Site "Batumi"]
[Date "2018.09.25"]
[Round "2"]
[Board "4"]
[WhiteFideId "13101439"]
[White "Razanadrakotoarisoa Toavina"]
[BlackFideId "11200545"]
[Black "Abbas Ali"]
[Result "1-0"]
[LiveChessVersion "1.4.8"]
[BlackElo "1912"]
[WhiteElo "2013"]

1. e4 {[%clk 1:30:43]} d6 {[%clk 1:30:54]} 2. d4 {[%clk 1:30:32]} g6
{[%clk 1:30:54]} 3. f4 {[%clk 1:29:36]} c6 {[%clk 1:30:36]} 4. Nc3
{[%clk 1:28:58]} Bg7 {[%clk 1:30:46]} 5. Nf3 {[%clk 1:25:11]} Nf6
{[%clk 1:30:35]} 6. Bd3 {[%clk 1:22:18]} b6 {[%clk 1:29:58]} 7. O-O
{[%clk 1:22:04]} Bb7 {[%clk 1:30:09]} 8. Kh1 {[%clk 1:19:14]} O-O
{[%clk 1:30:26]} 9. e5 {[%clk 1:12:13]} dxe5 {[%clk 1:29:24]} 10. fxe5
{[%clk 1:12:07]} Nd5 {[%clk 1:29:32]} 11. Ne2 {[%clk 1:11:02]} Nd7
{[%clk 1:24:01]} 12. Qe1 {[%clk 1:04:05]} c5 {[%clk 1:21:55]} 13. c3
{[%clk 1:02:35]} cxd4 {[%clk 1:20:08]} 14. cxd4 {[%clk 1:00:07]} Nc7
{[%clk 1:15:44]} 15. Nf4 {[%clk 0:56:48]} e6 {[%clk 1:09:27]} 16. Bd2
{[%clk 0:53:51]} Nd5 {[%clk 1:05:22]} 17. Nxd5 {[%clk 0:53:18]} Bxd5
{[%clk 1:05:44]} 18. Bb4 {[%clk 0:53:06]} Re8 {[%clk 1:05:41]} 19. Bb5
{[%clk 0:52:17]} h6 {[%clk 1:04:51]} 20. Qf2 {[%clk 0:37:54]} f5 {[%clk 1:04:44]}
21. exf6 {[%clk 0:37:57]} Bxf6 {[%clk 1:04:56]} 22. Ne5 {[%clk 0:31:23]} Bxe5
{[%clk 0:53:24]} 23. dxe5 {[%clk 0:31:20]} Nxe5 {[%clk 0:52:15]} 24. Bxe8
{[%clk 0:31:33]} Qxe8 {[%clk 0:52:32]} 25. Qg3 {[%clk 0:31:46]} Nd7
{[%clk 0:50:57]} 26. Qf4 {[%clk 0:29:23]} Kg7 {[%clk 0:48:13]} 27. Qd4+
{[%clk 0:27:56]} Kh7 {[%clk 0:41:54]} 28. Rae1 {[%clk 0:28:00]} Qg8
{[%clk 0:40:38]} 29. Qxd5 {[%clk 0:24:00]} exd5 {[%clk 0:40:16]} 30. Re7+
{[%clk 0:24:23]} Qg7 {[%clk 0:35:18]} 31. Rff7 {[%clk 0:24:45]} Rg8
{[%clk 0:33:35]} 32. Bc3 {[%clk 0:25:07]} 1-0

[Event "World Chess Olympiad 2018"]
[Site "Batumi"]
[Date "2018.09.25"]
[Round "2"]
[Board "1"]
[WhiteFideId "1018000"]
[White "Blijstra Wim"]
[BlackFideId "12303143"]
[Black "Lama Himal"]
[Result "1-0"]
[LiveChessVersion "1.4.8"]
[BlackElo "2057"]
[WhiteElo "2211"]

1. d4 {[%clk 1:30:55]} d5 {[%clk 1:28:07]} 2. Bf4 {[%clk 1:31:04]} Nf6
{[%clk 1:28:04]} 3. e3 {[%clk 1:31:26]} Bf5 {[%clk 1:28:20]} 4. c4
{[%clk 1:27:35]} c6 {[%clk 1:28:34]} 5. Nc3 {[%clk 1:27:07]} e6 {[%clk 1:28:41]}
6. Qb3 {[%clk 1:24:20]} Qb6 {[%clk 1:28:53]} 7. c5 {[%clk 1:23:37]} Qxb3
{[%clk 1:29:10]} 8. axb3 {[%clk 1:24:05]} a6 {[%clk 1:24:30]} 9. b4
{[%clk 1:18:24]} Be7 {[%clk 1:24:47]} 10. h3 {[%clk 1:15:46]} O-O
{[%clk 1:23:28]} 11. b5 {[%clk 1:11:58]} Nfd7 {[%clk 1:18:11]} 12. Nf3
{[%clk 1:08:34]} f6 {[%clk 1:13:29]} 13. b4 {[%clk 1:08:56]} Re8 {[%clk 1:05:13]}
14. Be2 {[%clk 1:02:47]} e5 {[%clk 0:40:00]} 15. Bh2 {[%clk 1:02:25]} Bd8
{[%clk 0:39:37]} 16. O-O {[%clk 0:59:42]} g5 {[%clk 0:32:23]} 17. g4
{[%clk 0:53:57]} Be6 {[%clk 0:27:42]} 18. Kg2 {[%clk 0:52:06]} cxb5
{[%clk 0:16:56]} 19. Nxb5 {[%clk 0:49:07]} e4 {[%clk 0:11:16]} 20. Nd2
{[%clk 0:48:38]} Nc6 {[%clk 0:11:00]} 21. Nd6 {[%clk 0:48:29]} Rf8
{[%clk 0:10:43]} 22. b5 {[%clk 0:48:08]} Na5 {[%clk 0:10:18]} 23. b6
{[%clk 0:46:25]} Nc6 {[%clk 0:06:48]} 24. Nxb7 {[%clk 0:46:36]} a5
{[%clk 0:05:50]} 25. Bb5 {[%clk 0:44:16]} Ndb8 {[%clk 0:01:39]} 26. Nb3
{[%clk 0:43:31]} Bd7 {[%clk 0:00:36]} 27. Rfb1 {[%clk 0:33:45]} Be7
{[%clk 0:00:38]} 28. N3xa5 {[%clk 0:32:29]} f5 {[%clk 0:00:34]} 29. Nxc6
{[%clk 0:32:47]} Bxc6 {[%clk 0:00:53]} 30. Rxa8 {[%clk 0:33:01]} 1-0

[Event "World Chess Olympiad 2018"]
[Site "Batumi"]
[Date "2018.09.25"]
[Round "2"]
[Board "2"]
[WhiteFideId "12300675"]
[White "Kayastha Madan Krishna"]
[BlackFideId "7501013"]
[Black "Bemmelen van Ursus"]
[Result "1/2-1/2"]
[LiveChessVersion "1.4.8"]
[BlackElo "2152"]
[WhiteElo "2077"]

1. Nf3 {[%clk 1:27:59]} c5 {[%clk 1:30:40]} 2. e4 {[%clk 1:26:56]} Nc6
{[%clk 1:30:55]} 3. c4 {[%clk 1:27:11]} g6 {[%clk 1:31:11]} 4. Nc3
{[%clk 1:26:32]} Bg7 {[%clk 1:31:21]} 5. Be2 {[%clk 1:26:57]} Nf6
{[%clk 1:30:51]} 6. O-O {[%clk 1:26:22]} O-O {[%clk 1:31:10]} 7. d3
{[%clk 1:26:38]} d6 {[%clk 1:31:18]} 8. h3 {[%clk 1:26:59]} a6 {[%clk 1:27:42]}
9. Be3 {[%clk 1:27:14]} Rb8 {[%clk 1:26:11]} 10. a4 {[%clk 1:24:16]} Bd7
{[%clk 1:25:33]} 11. Qd2 {[%clk 1:19:51]} Re8 {[%clk 1:22:21]} 12. d4
{[%clk 1:18:22]} cxd4 {[%clk 1:17:09]} 13. Nxd4 {[%clk 1:15:33]} Nxd4
{[%clk 1:13:21]} 14. Bxd4 {[%clk 1:15:55]} Bc6 {[%clk 1:13:45]} 15. Qe3
{[%clk 1:13:48]} b6 {[%clk 1:10:49]} 16. e5 {[%clk 1:06:54]} Nd7 {[%clk 0:47:42]}
17. e6 {[%clk 0:54:00]} Nf6 {[%clk 0:47:01]} 18. f4 {[%clk 0:47:27]} Qc8
{[%clk 0:43:23]} 19. exf7+ {[%clk 0:34:20]} Kxf7 {[%clk 0:43:51]} 20. f5
{[%clk 0:30:33]} Kg8 {[%clk 0:18:51]} 21. fxg6 {[%clk 0:23:17]} e5
{[%clk 0:18:58]} 22. gxh7+ {[%clk 0:23:16]} Kh8 {[%clk 0:19:00]} 23. Bxb6
{[%clk 0:23:25]} Bxg2 {[%clk 0:19:10]} 24. Rxf6 {[%clk 0:21:20]} Bxf6
{[%clk 0:18:44]} 25. Kxg2 {[%clk 0:21:41]} e4 {[%clk 0:15:25]} 26. Nd5
{[%clk 0:20:18]} Bxb2 {[%clk 0:14:16]} 27. Bd4+ {[%clk 0:20:01]} Bxd4
{[%clk 0:14:43]} 28. Qxd4+ {[%clk 0:20:23]} Re5 {[%clk 0:15:12]} 29. Rf1
{[%clk 0:18:33]} Rb7 {[%clk 0:14:41]} 30. Nf6 {[%clk 0:14:27]} Rg7+
{[%clk 0:13:00]} 31. Bg4 {[%clk 0:12:32]} e3 {[%clk 0:12:20]} 32. Qxd6
{[%clk 0:12:42]} e2 {[%clk 0:09:00]} 33. Qxe5 {[%clk 0:11:29]} exf1=Q+
{[%clk 0:09:21]} 34. Kxf1 {[%clk 0:11:42]} Qxc4+ {[%clk 0:09:48]} 35. Be2
{[%clk 0:12:00]} Qc1+ {[%clk 0:09:23]} 36. Kf2 {[%clk 0:12:16]} Qg1+
{[%clk 0:09:16]} 37. Kf3 {[%clk 0:12:20]} Qh1+ {[%clk 0:05:16]} 38. Ke3
{[%clk 0:11:08]} Qc1+ {[%clk 0:02:13]} 39. Ke4 {[%clk 0:09:28]} Qc2+
{[%clk 0:00:58]} 40. Kf3 {[%clk 0:38:17]} Qb3+ {[%clk 0:30:34]} 41. Kf4
{[%clk 0:32:07]} Qg3+ {[%clk 0:29:36]} 42. Ke4 {[%clk 0:32:17]} Qxe5+
{[%clk 0:30:00]} 43. Kxe5 {[%clk 0:31:59]} Re7+ {[%clk 0:30:27]} 44. Kd4
{[%clk 0:31:01]} Rxe2 {[%clk 0:30:54]} 45. Ne4 {[%clk 0:30:41]} Ra2
{[%clk 0:17:19]} 46. Nc5 {[%clk 0:29:07]} Kxh7 {[%clk 0:13:56]} 47. Kc4
{[%clk 0:29:24]} Kh6 {[%clk 0:13:04]} 48. Kb3 {[%clk 0:29:34]} Ra1
{[%clk 0:13:16]} 49. Nxa6 {[%clk 0:29:58]} Kh5 {[%clk 0:13:26]} 50. Nc5
{[%clk 0:30:18]} Kh4 {[%clk 0:13:32]} 51. Kb4 {[%clk 0:29:40]} Kxh3
{[%clk 0:13:45]} 52. a5 {[%clk 0:30:05]} Rxa5 {[%clk 0:14:07]} 53. Kxa5
{[%clk 0:30:26]} Kh2 {[%clk 0:14:32]} 1/2-1/2

[Event "World Chess Olympiad 2018"]
[Site "Batumi"]
[Date "2018.09.25"]
[Round "2"]
[Board "3"]
[WhiteFideId "7501005"]
[White "Capella Rurik"]
[BlackFideId "12303135"]
[Black "Thing Bibek"]
[Result "0-1"]
[LiveChessVersion "1.4.8"]
[BlackElo "2237"]
[WhiteElo "1979"]

1. d4 {[%clk 1:30:57]} Nf6 {[%clk 1:27:07]} 2. Bg5 {[%clk 1:31:04]} e6
{[%clk 1:25:59]} 3. e4 {[%clk 1:30:55]} Be7 {[%clk 1:26:14]} 4. Bxf6
{[%clk 1:27:10]} Bxf6 {[%clk 1:25:52]} 5. e5 {[%clk 1:27:08]} Be7
{[%clk 1:26:11]} 6. Bd3 {[%clk 1:26:58]} c5 {[%clk 1:26:27]} 7. Nf3
{[%clk 1:21:43]} Qb6 {[%clk 1:22:27]} 8. Nbd2 {[%clk 1:20:30]} cxd4
{[%clk 1:21:02]} 9. O-O {[%clk 1:19:36]} Nc6 {[%clk 1:16:15]} 10. a3
{[%clk 1:14:57]} Qc7 {[%clk 1:11:17]} 11. Re1 {[%clk 1:14:38]} O-O
{[%clk 1:01:16]} 12. b4 {[%clk 0:56:43]} a6 {[%clk 0:59:18]} 13. Qe2
{[%clk 0:55:33]} d5 {[%clk 0:46:06]} 14. exd6 {[%clk 0:51:00]} Bxd6
{[%clk 0:44:22]} 15. Bxh7+ {[%clk 0:40:09]} Kxh7 {[%clk 0:43:36]} 16. Ng5+
{[%clk 0:37:54]} Kg6 {[%clk 0:43:37]} 17. h4 {[%clk 0:35:50]} Bf4
{[%clk 0:34:15]} 18. g3 {[%clk 0:15:25]} Bxg5 {[%clk 0:28:47]} 19. Qg4
{[%clk 0:14:36]} f5 {[%clk 0:26:28]} 20. Qxg5+ {[%clk 0:14:39]} Kh7
{[%clk 0:26:30]} 21. Nf3 {[%clk 0:13:29]} Qf7 {[%clk 0:25:51]} 22. h5
{[%clk 0:11:10]} Qf6 {[%clk 0:23:17]} 23. Qf4 {[%clk 0:05:57]} e5
{[%clk 0:21:51]} 24. Ng5+ {[%clk 0:04:15]} Kg8 {[%clk 0:19:25]} 25. Qd2
{[%clk 0:03:55]} e4 {[%clk 0:19:21]} 26. f4 {[%clk 0:02:00]} Be6 {[%clk 0:18:57]}
27. h6 {[%clk 0:00:41]} gxh6 {[%clk 0:18:45]} 28. Nh3 {[%clk 0:00:32]} Rad8
{[%clk 0:16:56]} 29. Kh2 {[%clk 0:00:34]} Bf7 {[%clk 0:15:40]} 30. Rg1
{[%clk 0:00:33]} Bh5 {[%clk 0:16:00]} 31. Rae1 {[%clk 0:00:33]} Bg4
{[%clk 0:16:10]} 32. Qc1 {[%clk 0:00:35]} Qf7 {[%clk 0:16:20]} 33. Kg2
{[%clk 0:00:34]} Bf3+ {[%clk 0:13:22]} 34. Kf1 {[%clk 0:00:49]} Qh5
{[%clk 0:13:19]} 35. Nf2 {[%clk 0:00:48]} e3 {[%clk 0:13:40]} 0-1

[Event "World Chess Olympiad 2018"]
[Site "Batumi"]
[Date "2018.09.25"]
[Round "2"]
[Board "4"]
[WhiteFideId "12300403"]
[White "Rajbhandari Rijendra"]
[BlackFideId "7500041"]
[Black "Izijk Jimmy"]
[Result "1-0"]
[LiveChessVersion "1.4.8"]
[BlackElo "1995"]
[WhiteElo "1937"]

1. d4 {[%clk 1:29:47]} d5 {[%clk 1:29:49]} 2. c4 {[%clk 1:29:41]} e6
{[%clk 1:29:27]} 3. Nf3 {[%clk 1:29:27]} Nf6 {[%clk 1:31:47]} 4. g3
{[%clk 1:31:33]} dxc4 {[%clk 1:28:35]} 5. Bg2 {[%clk 1:31:33]} Be7
{[%clk 1:28:43]} 6. O-O {[%clk 1:31:35]} Nbd7 {[%clk 1:27:49]} 7. Qc2
{[%clk 1:29:35]} O-O {[%clk 1:27:41]} 8. Qxc4 {[%clk 1:29:28]} a6
{[%clk 1:27:22]} 9. Qc2 {[%clk 1:27:19]} c5 {[%clk 1:23:31]} 10. Rd1
{[%clk 1:26:36]} Qb6 {[%clk 1:20:43]} 11. Nc3 {[%clk 1:20:48]} cxd4
{[%clk 1:20:31]} 12. Nxd4 {[%clk 1:19:52]} Ne5 {[%clk 1:05:42]} 13. Bf4
{[%clk 0:58:15]} Ng6 {[%clk 0:55:59]} 14. Na4 {[%clk 0:56:59]} Qa5
{[%clk 0:43:54]} 15. Bc7 {[%clk 0:51:41]} Qh5 {[%clk 0:43:09]} 16. Nb6
{[%clk 0:51:41]} e5 {[%clk 0:40:51]} 17. Nxa8 {[%clk 0:37:42]} exd4
{[%clk 0:40:16]} 18. Rxd4 {[%clk 0:35:08]} Bf5 {[%clk 0:35:22]} 19. e4
{[%clk 0:34:47]} Bh3 {[%clk 0:24:08]} 20. Nb6 {[%clk 0:34:36]} Bxg2
{[%clk 0:18:29]} 21. Kxg2 {[%clk 0:34:54]} Ng4 {[%clk 0:18:03]} 22. h3
{[%clk 0:34:02]} N4e5 {[%clk 0:14:12]} 23. Qd1 {[%clk 0:32:41]} Qg5
{[%clk 0:08:24]} 24. Bxe5 {[%clk 0:32:13]} Qxe5 {[%clk 0:04:06]} 25. Nd7
{[%clk 0:32:27]} Nh4+ {[%clk 0:01:04]} 26. Kg1 {[%clk 0:30:46]} Qxd4
{[%clk 0:01:25]} 27. Nxf8 {[%clk 0:27:41]} Qxd1+ {[%clk 0:00:49]} 28. Rxd1
{[%clk 0:27:40]} Kxf8 {[%clk 0:00:59]} 29. gxh4 {[%clk 0:28:05]} Ke8
{[%clk 0:01:19]} 30. h5 {[%clk 0:28:16]} b6 {[%clk 0:01:12]} 31. Kg2
{[%clk 0:28:24]} h6 {[%clk 0:00:49]} 32. f4 {[%clk 0:28:37]} a5 {[%clk 0:00:52]}
33. Kf3 {[%clk 0:28:53]} Bc5 {[%clk 0:01:09]} 34. e5 {[%clk 0:29:08]} Ke7
{[%clk 0:01:37]} 35. Ke4 {[%clk 0:29:21]} Bf2 {[%clk 0:01:29]} 36. Rd2
{[%clk 0:29:30]} Bc5 {[%clk 0:01:51]} 37. Rg2 {[%clk 0:29:49]} Kf8
{[%clk 0:01:40]} 38. f5 {[%clk 0:30:13]} Be7 {[%clk 0:01:32]} 39. Kd5
{[%clk 0:30:29]} Bc5 {[%clk 0:01:28]} 40. e6 {[%clk 1:00:43]} fxe6+
{[%clk 0:31:35]} 41. fxe6 {[%clk 1:00:55]} Be7 {[%clk 0:31:33]} 42. Kc6 1-0